zpět

Detail výsledku týmu

Dělnický dům, Jihlava

Datum a čas kvízu

38.5 Celkem bodů Celkový počet nahraných bodů na tomto kvízu bez doplňovacích otázek.
2. Pořadí na kvízu Konečné umístění týmu na tomto kvízu.

Zaznamenané odpovědi

# Otázka Odpověď Body Výsledky
1. Který český politik během svéh... Petr Pavel 1
2. Ve čtvrtek krátce po půlnoci s... Artemis II 1
3. Která zpěvačka o víkendu prozr... Lucie Bílá 1
4. Jistá firma v pondělí oznámila... Kit Kat 1
5. Který slavný sportovec minulý... Tiger Woods 1
6. Vítězné téma facebookového hla... 1B 2D 3C 4A 1
7. Ve Formuli 1 můžeme občas zazn... A 1
8. Nejvíce velkých cen, k sezóně... A 0
9. Tato stáj působila ve Formuli... Benetton 1
10. Ve kterém státě se nachází záv... v Japonsku 0